Cricket: 2024 T20 World Cup Squads - Statistics

General Stats
  • This quiz has been taken 56 times
  • The average score is 114 of 300
Answer Stats
Answer % Correct
Rohit Sharma
95%
Virat Kohli
92%
Azam Khan
87%
Rashid Khan
87%
Shadab Khan
87%
Usman Khan
87%
Ali Khan
85%
Ayaan Khan
85%
Bilal Khan
85%
Mehran Khan
85%
Shoaib Khan
85%
Arshdeep Singh
79%
Axar Patel
79%
Kane Williamson
79%
Mitchell Starc
79%
Suryakumar Yadav
79%
Adam Zampa
77%
Jasprit Bumrah
77%
Kagiso Rabada
77%
Kuldeep Yadav
77%
Hardik Pandya
74%
Harmeet Singh
74%
Jasdeep Singh
74%
JJ Smit
74%
Naseem Shah
74%
Pargat Singh
74%
Ravinderpal Singh
74%
Ravindra Jadeja
74%
Riazat Ali Shah
74%
Rishabh Pant
74%
Vikramjit Singh
74%
Aiden Markram
72%
Jos Buttler
72%
Josh Hazlewood
72%
Mitchell Santner
72%
Mohammad Nabi
72%
Monank Patel
72%
Pat Cummins
72%
Ronak Patel
72%
Travis Head
72%
Trent Boult
72%
Babar Azam
69%
Keshav Maharaj
69%
Mitchell Marsh
69%
Nisarg Patel
69%
Tim Southee
69%
Abrar Ahmed
67%
Adil Rashid
67%
Iftikhar Ahmed
67%
Jaker Ali
67%
Moeen Ali
67%
Rahmanullah Gurbaz
67%
Taskin Ahmed
67%
David Miller
64%
Glenn Maxwell
64%
Jofra Archer
64%
Mark Wood
64%
Mohammad Rizwan
64%
Paul Stirling
64%
Quinton de Kock
64%
Rachin Ravindra
64%
Shaheen Shah Afridi
64%
Shakeel Ahmed
64%
David Warner
62%
Devon Conway
62%
Finn Allen
62%
Josh Inglis
62%
Mohammed Siraj
62%
Phil Salt
62%
Sanju Samson
62%
Yashasvi Jaiswal
62%
Abbas Afridi
59%
Daryl Mitchell
59%
Fayyaz Butt
59%
Fred Klaassen
59%
Glenn Phillips
59%
Ibrahim Zadran
59%
Marco Jansen
59%
Najibullah Zadran
59%
Naveen-ul-Haq
59%
Shakib Al Hasan
59%
Shivam Dube
59%
Harry Brook
56%
Kusal Mendis
56%
Liam Livingstone
56%
Matt Henry
56%
Sam Curran
56%
Cameron Green
54%
Ish Sodhi
54%
Kamindu Mendis
54%
Zane Green
54%
Bilal Hassan
51%
Marcus Stoinis
51%
Mujeeb Ur Rahman
51%
Will Jacks
51%
Fazalhaq Farooqi
49%
Heinrich Klaasen
49%
Mahedi Hasan
49%
Noor Ahmad
49%
Tanzid Hasan
49%
Tristan Stubbs
49%
Aaron Jones
46%
Alzarri Joseph
46%
Azmatullah Omarzai
46%
Gulbadin Naib
46%
Lockie Ferguson
46%
Mustafizur Rahman
46%
Shamar Joseph
46%
Tabraiz Shamsi
46%
Wanindu Hasaranga
46%
Andre Russell
44%
Anrich Nortje
44%
Ben Duckett
44%
Fakhar Zaman
44%
Haris Rauf
44%
Michael Jones
44%
Nathan Ellis
44%
Nicholas Pooran
44%
Pathum Nissanka
44%
Reeza Hendricks
44%
Shai Hope
44%
Steven Taylor
44%
Tim David
44%
Yuzvendra Chahal
44%
Chris Jordan
41%
Jason Holder
41%
Jonny Bairstow
41%
Josh Little
41%
Litton Das
41%
Matheesha Pathirana
41%
Brandon King
38%
Corey Anderson
38%
Imad Wasim
38%
Matthew Wade
38%
Max O'Dowd
38%
Milind Kumar
38%
Mohammad Amir
38%
Nitish Kumar
38%
Rovman Powell
38%
Saurabh Netravalkar
38%
Scott Edwards
38%
Andrew Balbirnie
36%
Brad Wheal
36%
David Wiese
36%
James Neesham
36%
Lorcan Tucker
36%
Reece Topley
36%
Ryan Rickelton
36%
Dasun Shanaka
33%
Dhananjaya de Silva
33%
Harry Tector
33%
Maheesh Theekshana
33%
Roston Chase
33%
Saim Ayub
33%
Ashton Agar
31%
Curtis Campher
31%
Mahmudullah
31%
Mark Adair
31%
Mark Chapman
31%
Michael Bracewell
31%
Rishad Hossain
31%
Ross Adair
31%
Sherfane Rutherford
31%
Shimron Hetmyer
31%
Akeal Hosein
28%
Angelo Mathews
28%
Bas de Leede
28%
Charith Asalanka
28%
Dushmantha Chameera
28%
George Dockrell
28%
Gerhard Erasmus
28%
Hazratullah Zazai
28%
Kushal Malla
28%
Romario Shepherd
28%
Assad Vala
26%
Craig Young
26%
Dunith Wellalage
26%
Logan van Beek
26%
Shoriful Islam
26%
Tanvir Islam
26%
Aaron Johnson
23%
Andries Gous
23%
George Munsey
23%
Gudakesh Motie
23%
Karim Janat
23%
Mark Watt
23%
Ottneil Baartman
23%
Richie Berrington
23%
Rohit Paudel
23%
Ruben Trumpelmann
23%
Ben White
21%
Brad Currie
21%
Dipendra Singh Airee
21%
Gerald Coetzee
21%
Johnson Charles
21%
Nuwan Thushara
21%
Sese Bau
21%
Sompal Kami
21%
Soumya Sarkar
21%
Zeeshan Maqsood
21%
Aasif Sheikh
18%
Anil Sah
18%
Barry McCarthy
18%
Chad Soper
18%
Charles Amini
18%
Chris Sole
18%
Dilshan Madushanka
18%
Gareth Delany
18%
Hiri Hiri
18%
Kaleem Sana
18%
Kamal Airee
18%
Karan KC
18%
Kashyap Prajapati
18%
Kushal Bhurtel
18%
Michael Leask
18%
Paul van Meekeren
18%
Alei Nao
15%
Aqib Ilyas
15%
Aryan Dutt
15%
Chris Greaves
15%
Dilon Heyliger
15%
Dilpreet Bajwa
15%
Dinesh Nakrani
15%
Jan Frylinck
15%
Kabua Morea
15%
Kiplin Doriga
15%
Matthew Cross
15%
Najmul Hossain Shanto
15%
Nangeyalia Kharote
15%
Navneet Dhaliwal
15%
Nicholas Kirton
15%
Rayyan Pathan
15%
Saad Bin Zafar
15%
Shadley van Schalkwyk
15%
Sybrand Engelbrecht
15%
Tanzim Hasan Sakib
15%
Tom Hartley
15%
Tony Ura
15%
Towhid Hridoy
15%
Vivian Kingma
15%
Abinash Bohara
13%
Alpesh Ramjani
13%
Brandon McMullen
13%
Gulshan Jha
13%
Jack Gardner
13%
Jeremy Gordon
13%
John Kariko
13%
Kaleemullah
13%
Lega Siaka
13%
Michael Levitt
13%
Mohammad Ishaq
13%
Norman Vanua
13%
Nosthush Kenjige
13%
Robinson Obuya
13%
Safyaan Sharif
13%
Shreyas Movva
13%
Simon Ssesazi
13%
Tangeni Lungameni
13%
Teja Nidamanuru
13%
Tim Pringle
13%
Wesley Barresi
13%
Ben Shikongo
10%
Brian Masaba
10%
Charlie Tear
10%
Frank Nsubuga
10%
Jack Brassell
10%
Juma Miyagi
10%
Junaid Siddiqui
10%
Lalit Rajbanshi
10%
Malan Kruger
10%
Michael van Lingen
10%
Mohammad Nadeem
10%
Nikolaas Davin
10%
Sadeera Samarawickrama
10%
Sagar Dhakal
10%
Shayan Jahangir
10%
Bjorn Fortuin
8%
Cosmas Kyewuta
8%
Daniel Doram
8%
Henry Sseyondo
8%
Hila Vare
8%
Jack Jarvis
8%
Kenneth Waiswa
8%
Khalid Kail
8%
Naseem Khushi
8%
Neil Rock
8%
Nikhil Dutta
8%
Ollie Hairs
8%
Pratik Athavale
8%
Pratis GC
8%
Rafiullah
8%
Semo Kamea
8%
Sundeep Jora
8%
Dylan Leicher
5%
Fred Achelam
5%
Graham Hume
5%
JP Kotze
5%
Peter-Daniel Blignaut
5%
Rishiv Joshi
5%
Roger Mukasa
5%
No matching quizzes found
Score Distribution
Percent of People with Each Score
Percentile by Number Answered
Your Score History
You have not taken this quiz